000 00220 a2200097 4500
001 27943
100 _aMarif, M
245 _aIqbal's Philosophy of religion
260 _a
_bIslamic book service
_c
090 _c18651
_d18651
942 _aNUST-CAE
_cM
_c9615
999 _c263016
_d263016